Những qui định về WTO. Tập 1 /

محفوظ في:
التفاصيل البيبلوغرافية
المؤلف الرئيسي: Không rõ
التنسيق: كتاب
اللغة:Vietnamese
منشور في: Lao động xã hội 2007
الوسوم: إضافة وسم
لا توجد وسوم, كن أول من يضع وسما على هذه التسجيلة!
Thư viện lưu trữ: Mạng thư viện Đại học Đà Nẵng
LEADER 00646nam a2200265 4500
001 000028131
003 QU-Đ
005 20150403120000.0
008 150403s vm 000 vie
020 |c 0,0000 
040 |a notts 
100 |a Không rõ 
245 |a Những qui định về WTO. Tập 1 /  |c Minh Huệsưu tầm và biên soạn. 
260 |b Lao động xã hội  |c 2007 
OWN |a LTT 
999 |a From the UDN01 
TYP |a Monograph 
TYP |a Printed language 
980 |a Mạng thư viện Đại học Đà Nẵng